000 00602nam a2200217Ia 4500
001 14749
003 GE_BSU
008 181216s||||||||xx |||||||||||||| ||und||
040 _cGE_BSU
080 _a621.311(075.8)
100 _aСолдаткина,Л.А.
245 _aЭлектрические сети и системы.
245 _bУчебн.
245 _cРед. В.А.Озерский.
260 _aМ.
260 _bЭнергия.
260 _c1972.
300 _a272 стр. с илл. 22 см.
653 _aЭлектрические сети и системы.
942 _cBK
999 _c47873
_d47873